01114nam a2200253 a 450000100100000000500170001000800410002704000250006808200170009310000410011024500930015126000360024430000200028059000280030065000330032865000240036165000130038570000470039891000370044595201290048295201140061195201200072599900150084500000430820260508134416.0090721s2004 dr 000 0 spa d aDO-SdBNPbspacBNPHU a158.1bR696c1 aRodríguez, Dámarisd1976-91271810aUn camino de superación /cDámaris Rodríguez ; prólogo Jorge A. Acosta García. aSanto Domingo :b[s.n.],c2004. a96 p. ;c14 cm. aInventariado, 2018/ MFF 4aTécnicas de autoayuda9387 0aVida cristiana9668 0aFe910241 aAcosta García, Jorge A.,epról.912719 aValidado. Control de calidad MFF 001054708DSaGRbGRcCTd2009-07-21iLF1l0o158.1 R696cp4308-30r2020-06-25te. 3w2020-06-25yLFDSZPréstamo en sala 0010718PDaPDbPDcCTd2009-07-21iLF1l0o158.1 R696cp4308-10r2020-06-25w2020-06-25yLFPDZNo se presta 0010718PDaPDbPDcCTd2009-07-21iLF1l0o158.1 R696cp4308-20r2020-06-25te. 2w2020-06-25yLFPDZNo se presta c4117d4117